Madrid en sus diarios / (Record no. 77451)
[ view plain ]
| 000 -LEADER | |
|---|---|
| campo de control de longitud fija | 01110nam a2200241 i 4500 |
| 001 - NÚMERO DE CONTROL | |
| campo de control | 77451 |
| 003 - IDENTIFICADOR DE NÚMERO DE CONTROL | |
| campo de control | ES-MaACL |
| 005 - FECHA Y HORA DE LA ÚLTIMA TRANSACCIÓN | |
| campo de control | 20250806062540.0 |
| 007 - CAMPO FIJO DE DESCRIPCIÓN FÍSICA--INFORMACIÓN GENERAL | |
| campo de control de longitud fija | t| |
| 008 - DATOS DE LONGITUD FIJA--INFORMACIÓN GENERAL | |
| campo de control de longitud fija | 041015s19711972sp ||||1| spa d |
| 245 00 - MENCIÓN DEL TÍTULO | |
| Título | Madrid en sus diarios / |
| Mención de responsabilidad, etc. | ordenación, clasificación y prólogo por Mercedes Agulló y Cobo. |
| 260 ## - PUBLICACIÓN, DISTRIBUCIÓN, ETC. | |
| Lugar de publicación, distribución, etc. | Madrid : |
| Nombre del editor, distribuidor, etc. | Instituto de Estudios Madrileños, |
| Fecha de publicación, distribución, etc. | 1971-1972 ( |
| Fabricante | Velasco) |
| 300 ## - DESCRIPCIÓN FÍSICA | |
| Extensión | 5 v. ; |
| Dimensiones | 25 cm. |
| 505 8# - NOTA DE CONTENIDO CON FORMATO | |
| Nota de contenido con formato | Contiene: I. 1830-1844. 159 p. -- II. 1845-1859. VII, 454 p. -- III. 1860-1875. XI, 551 p. -- IV. 1876-1890. XV, 567 p. -- V. 1891-1899. XI, 400 p. |
| 505 8# - NOTA DE CONTENIDO CON FORMATO | |
| Nota de contenido con formato | Tº 1º., p.81-86: reseña actividades en el Ateneo entre los años 1830-1844 -- Tº 2º., p. 286-296: reseña actividades en el Ateneo entre los años 1845-1859 |
| 610 24 - PUNTO DE ACCESO ADICIONAL DE MATERIA--NOMBRE DE ENTIDAD CORPORATIVA | |
| Nombre de entidad corporativa o nombre de jurisdicción como elemento de entrada | Ateneo de Madrid- |
| Subdivisión de forma | Historia |
| 9 (RLIN) | 1925 |
| 651 #4 - PUNTO DE ACCESO ADICIONAL DE MATERIA--NOMBRE GEOGRÁFICO | |
| Nombre geográfico | Madrid- |
| Subdivisión general | Historia- |
| Subdivisión cronológica | S.XIX. |
| 9 (RLIN) | 8969 |
| 651 #4 - PUNTO DE ACCESO ADICIONAL DE MATERIA--NOMBRE GEOGRÁFICO | |
| Nombre geográfico | Madrid- |
| Subdivisión general | En la prensa. |
| 9 (RLIN) | 170108 |
| 700 1# - ENTRADA AGREGADA--NOMBRE PERSONAL | |
| Nombre de persona | Agulló y Cobo, Mercedes, |
| Fechas asociadas al nombre | 1925-2019 |
| 9 (RLIN) | 18903 |
| 710 2# - ENTRADA AGREGADA--NOMBRE DE ENTIDAD CORPORATIVA | |
| Nombre de entidad corporativa o nombre de jurisdicción como elemento de entrada | Instituto de Estudios Madrileños |
| 9 (RLIN) | 4916 |
| 852 ## - LOCALIZACIÓN | |
| Ubicación | ES-MaACL |
| Número de control de estantería | L-9207-11 |
| Sublocalización o colección | R.79770 |
| Estatus retirado | Estado de pérdida | Estado de daño | No para préstamo | Colección | Biblioteca de origen | Biblioteca actual | Ubicación en estantería | Fecha de adquisición | Fuente de adquisición | Total de préstamos | Signatura topográfica completa | Código de barras | Visto por última vez | Precio de reemplazo | Tipo de ítem Koha |
|---|---|---|---|---|---|---|---|---|---|---|---|---|---|---|---|
| Fondo Ateneo de Madrid | Biblioteca del Ateneo de Madrid | Biblioteca del Ateneo de Madrid | Depósito 2 | 17/01/2008 | L-9207-11 | 1081033 | 23/02/2023 | 23/02/2023 | Libro impreso |
